A short history of Islamic Egypt from the Arab conquest to Mohammed Ali /
محفوظ في:
المؤلف الرئيسي:
التنسيق: كتاب
اللغة: English
منشور في:
Cairo :
Socíété Orientale De Publicite,
1951.
الموضوعات:
الوسوم: إضافة وسم
لا توجد وسوم, كن أول من يضع وسما على هذه التسجيلة!
رقم الطلب: DT95 .B5 1951
| LEADER | 00751namaa2200241 4500 | ||
|---|---|---|---|
| 001 | 13959 | ||
| 003 | OSt | ||
| 005 | 20250505064140.0 | ||
| 008 | 130303s1951 ua ab 000 0 eng d | ||
| 010 | |a 58039224 | ||
| 040 | |c ARCE Library | ||
| 043 | |a f-ua--- | ||
| 050 | 4 | |a DT95 .B5 1951 | |
| 100 | 1 | |a Birks, Walter N., |e author | |
| 245 | 1 | 2 | |a A short history of Islamic Egypt from the Arab conquest to Mohammed Ali / |c by Walter N. Birks. |
| 264 | 1 | |a Cairo : |b Socíété Orientale De Publicite, |c 1951. | |
| 300 | |a 87 pages : |b illustrations, maps ; |c 21 cm. | ||
| 500 | |a "March 1951." | ||
| 651 | 0 | |a Egypt |x History |y 640-1882. | |
| 740 | 0 | |a Islamic Egypt from the Arab conquest to Mohammed Ali. | |
| 901 | |a reviewed | ||
| 942 | |c BK |2 lcc | ||
| 999 | |c 13462 |d 13462 | ||
